Schahrazada : los más bellos cuentos de todos los países /
Lectura selecta es una publicación quincenal de divulgación literatria que cuenta con diversas secciones. La presente es la sección Schahrzada, los más bellos cuentos de todos los países que en esta ocasión contiene cuentos de Gárdonyi, Palacio Valdés, Papini, Rachilde, Lérmontf, y Pedro Emilio Coll...
Kaydedildi:
| Materyal Türü: | Kitap |
|---|---|
| Dil: | İspanyolca |
| Baskı/Yayın Bilgisi: |
México :
Lectura Selecta,
1919
|
| Seri Bilgileri: | (Lectura Selecta.
8) (Lectura Selecta. Sheahrazada, los más Bellos Cuentos de Todos los Países ; 1) |
| Konular: | |
| Etiketler: |
Etiket eklenmemiş, İlk siz ekleyin!
|
MARC
| LEADER | 00000nam^a2200000^a^4500 | ||
|---|---|---|---|
| 001 | 000156612 | ||
| 005 | 20250526000000.0 | ||
| 009 | 20260310100511.34 | ||
| 037 | |a Acervo ITESO - Biblioteca | ||
| 041 | |a ESP | ||
| 082 | |a 805. |b SCH 1919 V. 8 | ||
| 240 | 1 | 1 | |a [Lectura selecta] |
| 245 | 0 | 0 | |a Schahrazada : |b los más bellos cuentos de todos los países / |
| 264 | 1 | |a México : |b Lectura Selecta, |c 1919 | |
| 300 | |a 193 p. ; |c 18.0 cm. | ||
| 336 | |a texto |b txt |2 rdacontenido | ||
| 337 | |a sin mediación |b n |2 rdamedio | ||
| 338 | |a volumen |b nc |2 rdasoporte | ||
| 440 | 1 | |a (Lectura Selecta. |v 8) | |
| 440 | 1 | |a (Lectura Selecta. |p Sheahrazada, los más Bellos Cuentos de Todos los Países ; |v 1) | |
| 520 | |a Lectura selecta es una publicación quincenal de divulgación literatria que cuenta con diversas secciones. La presente es la sección Schahrzada, los más bellos cuentos de todos los países que en esta ocasión contiene cuentos de Gárdonyi, Palacio Valdés, Papini, Rachilde, Lérmontf, y Pedro Emilio Coll. | ||
| 649 | |a XX | ||
| 650 | |a Cuentos Húngaros | ||
| 650 | |a Cuentos Españoles | ||
| 650 | |a Cuentos Italianos | ||
| 650 | |a Cuentos Rusos | ||
| 650 | |a Cuentos Venezolanos | ||
| 650 | |a Literatura Húngara - |y Siglo XX | ||
| 650 | |a Literatura Española - |y Siglo XX | ||
| 650 | |a Literatura Italiana - |y Siglo XX | ||
| 650 | |a Literatura Rusa - |y Siglo XX | ||
| 910 | |a Fondo Salvador Reynoso Reynoso | ||
| 920 | |a Impresos - Libros | ||
| 930 | |a Libros Antiguos y Raros | ||
| 940 | |a Literatura | ||
| 905 | |a 108 | ||
| 901 | |a 0800016193 |b IT2 |c LRA |u 20250526 | ||
| 902 | |a https://opac.biblio.iteso.mx/vufind/Record/000156612 | ||